| 000 | 02271nam a2200493 c 4500 | ||
|---|---|---|---|
| 003 | BLK | ||
| 005 | 20241207151937.0 | ||
| 008 | 180411b bul|||||r ||||||| ||bul|| | ||
| 010 | _aKNG00186745000 | ||
| 020 |
_a978-954-300-149-1 _bиздат.: Гея-Либрис - (Гея-Либрис) |
||
| 020 |
_a978-954-8594-54-7 _bиздат.: Инст. за изследване на изкуствата. БАН - (Инст. за изследване на изкуствата. БАН) |
||
| 040 | _aBLK | ||
| 041 |
_aBUL _cBUL |
||
| 072 | 7 |
_2bullib _aН70 _xИзкуства Н |
|
| 080 |
_aМузикални театри. Вж и 782.1; 782.8 _b792.5 _x.072.03(497.2)(035) _z792.5.072.03(497.2)(035) |
||
| 100 |
_aБикс, Розалия Александрова _d1933-2013 _9371275 |
||
| 139 |
_aБългарски музикален театър 1890 - 2010 _bБ 92 |
||
| 245 | 1 | 0 |
_aБългарски музикален театър 1890 - 2010 _bОпера, балет, оперета, мюзикъл : Рецензии, отзиви, коментари _cРозалия Александрова Бикс. |
| 257 | _aBGR | ||
| 260 |
_аСофия _bГея-Либрис _bИнст. за изследване на изкуствата. БАН _c2015 _fСофия : Образование и наука |
||
| 300 |
_a768 с. _bс табл. _c29 см |
||
| 380 | _a7 | ||
| 500 | _aВ кн. означено т. ІV. - За авт.: с. 767. - Рез. на англ. ез. - Азб. показалци. | ||
| 650 | 0 |
_aОпера - България _9269297 |
|
| 650 | 4 |
_aОперета - България _9271128 |
|
| 650 | 4 |
_aБалет _9147951 |
|
| 650 | 4 |
_aМюзикъл _9163129 |
|
| 651 | 4 |
_aБългария _9241624 |
|
| 653 | _aоперни театри | ||
| 653 | _aоперни театри | ||
| 653 | _aбалет | ||
| 653 | _aмюзикъли | ||
| 653 | _aистория | ||
| 653 | _aсправочници | ||
| 653 | _aрецензии | ||
| 653 | _aкоментари | ||
| 659 | _aН | ||
| 852 | _aЦб ІІ 21222 | ||
| 856 | 4 |
_qpdf _u |
|
| 856 | 4 |
_qpdf _u |
|
| 942 |
_cKNG _n0 |
||
| 944 |
_aCR _c29.02.2016 _lГеновева Генчева _k30560 |
||
| 944 |
_aED _c15.09.2016 _lф / _kЛюдмила_Стоянова |
||
| 999 |
_c178046 _d178046 |
||